The Housing Act 1935 (Record no. 100039)

MARC details
000 -LEADER
fixed length control field 00390cam a2200157 4500
001 - CONTROL NUMBER
control field M101443
008 - FIXED-LENGTH DATA ELEMENTS--GENERAL INFORMATION
fixed length control field 000000n1936 000 0 eng u
035 ## - SYSTEM CONTROL NUMBER
System control number (Sirsi) u101451
041 ## - LANGUAGE CODE
Language code of text/sound track or separate title ENG
100 ## - MAIN ENTRY--PERSONAL NAME
Personal name Watson, John A. F.
245 #4 - TITLE STATEMENT
Title The Housing Act 1935
260 ## - PUBLICATION, DISTRIBUTION, ETC.
Place of publication, distribution, etc. London
-- he Chartered Surveyors Institution
Date of publication, distribution, etc. 1936
300 ## - PHYSICAL DESCRIPTION
Extent 74p. ; 23cm.
690 ## - LOCAL SUBJECT ADDED ENTRY--TOPICAL TERM (OCLC, RLIN)
Topical term or geographic name as entry element HOUSING
942 ## - ADDED ENTRY ELEMENTS (KOHA)
Suppress in OPAC 0
Holdings
Withdrawn status Lost status Source of classification or shelving scheme Damaged status Not for loan Home library Current library Shelving location Date acquired Total Checkouts Full call number Barcode Date last seen Copy number Price effective from Koha item type
    Dewey Decimal Classification     London London Basement 04/11/1999   SHELF 136 30059846 06/08/2019 1 06/08/2019 Reference material